000
00245nam a2200097Ia 4500
008
230915s9999 xx 000 0 und d
050
_a
HB 172.5. B37 2008
100
_a
Robert J. Barro
245
0
_a
macroeconomics: a modern approach
942
_c
BK
999
_c
74006
_d
74006